¿Para qué sirve el salario mínimo? (Registro nro. 3890)

Detalles MARC
000 -LEADER
fixed length control field 01475 a2200253 4500
001 - CONTROL NUMBER
control field 45039
005 - DATE AND TIME OF LATEST TRANSACTION
control field 20260407155725.0
008 - FIXED-LENGTH DATA ELEMENTS--GENERAL INFORMATION
fixed length control field 260407a2006 arg spa d
003 - CONTROL NUMBER IDENTIFIER
control field AR-UNSa-BCEJYS
040 ## - CATALOGING SOURCE
Original cataloging agency AR-UNSa-BCEJYS
Language of cataloging spa
Transcribing agency AR-UNSa-BCEJYS
080 ## - UNIVERSAL DECIMAL CLASSIFICATION NUMBER
Universal Decimal Classification number 331.2
Common auxiliary subdivision Salarios. Sueldos. Remuneraciones
020 ## - INTERNATIONAL STANDARD BOOK NUMBER
International Standard Book Number 978-92-2-318635-7
041 ## - LANGUAGE CODE
Language code of text/sound track or separate title spa
100 1# - MAIN ENTRY--PERSONAL NAME
Personal name Velasco, Juan Jacobo
245 10 - TITLE STATEMENT
Title ¿Para qué sirve el salario mínimo?
Name of part/section of a work elementos para su determinación en los países del Cono Sur
250 ## - EDITION STATEMENT
Edition statement 2a. ed.
264 #1 - PRODUCTION, PUBLICATION, DISTRIBUTION, MANUFACTURE, AND COPYRIGHT NOTICE
Place of production, publication, distribution, manufacture Santiago :
Name of producer, publisher, distributor, manufacturer OIT
Date of production, publication, distribution, manufacture, or copyright notice 2006
300 ## - PHYSICAL DESCRIPTION
Extent 309 p.
Dimensions 23 cm.
505 ## - FORMATTED CONTENTS NOTE
Formatted contents note 1. Desempolvando el salario mínimo : Reflexiones a partir de la experiencia en el Cono Sur / Andrés Marinakis – 2. Argentina : La recuperación del salario mínimo como herramienta de política de ingresos / Daniel Kostzer – 3. Brasil : La institucionalidad del salario mínimo / Marcelo Neri y Rodrigo Maura – 4. Chile : Las lecciones de la aplicación reciente del salario mínimo / Andrés Marinakis y Juan Jacobo Velasco – 5. Paraguay : Evolución reciente y propuestas para una modernización del salario mínimo / Andrés Marinakis y Juan Jacobo Velasco – 6. Uruguay : Impuesto social y economía del salario mínimo / Magdalena Furtado.
590 ## - LOCAL NOTE (RLIN)
Local note niveau_biblio:m niveau_hierar:0
700 1# - ADDED ENTRY--PERSONAL NAME
Personal name Marinakis, Andrés
856 41 - ELECTRONIC LOCATION AND ACCESS
Uniform Resource Identifier <a href="https://www.biblioeco.unsa.edu.ar/pmb/images/libros/L127063.jpg">https://www.biblioeco.unsa.edu.ar/pmb/images/libros/L127063.jpg</a>
Link text Imagen de portada
Electronic format type image/jpeg
942 ## - ADDED ENTRY ELEMENTS (KOHA)
Koha item type
Existencias
Withdrawn status Lost status Damaged status Not for loan Home library Current library Shelving location Date acquired Total checkouts Full call number Barcode Date last seen Price effective from Koha item type
        Biblioteca Prof. Eusebio Cleto del Rey Biblioteca Prof. Eusebio Cleto del Rey   07/04/2026   331.2 M337 L127063 07/04/2026 07/04/2026 Libro